Control de calidad del relleno mineral en el diseño de mezclas asfálticas
Gespeichert in:
| 1. Verfasser: | |
|---|---|
| Format: | Buch |
| Veröffentlicht: |
San José, Costa Rica
1988
|
| Schlagworte: | |
| Tags: |
Tag hinzufügen
Keine Tags, Fügen Sie den ersten Tag hinzu!
|
MARC
| LEADER | 00000nam a2200000Ia 4500 | ||
|---|---|---|---|
| 003 | 004567 | ||
| 005 | 20221231144344.0 | ||
| 008 | 140114s1988 cr a m 000 ||s d | ||
| 040 | |c cru CEDI | ||
| 090 | |a TFG 2079 | ||
| 100 | |a Freer Rohrmoser, Manuel A. |9 13641 | ||
| 245 | |a Control de calidad del relleno mineral en el diseño de mezclas asfálticas | ||
| 260 | |c 1988 |a San José, Costa Rica | ||
| 300 | |a 88 hojas : ilustraciones ; 28 cm | ||
| 500 | |a Proyecto de graduacion (licenciatura en ingeniería civil)--Universidad de Costa Rica. Facultad de Ingeniería. Escuela de Ingeniería Civil | ||
| 650 | |x CONTROL DE CALIDAD |x ASFALTO |9 13642 | ||
| 942 | |c TFG |2 ddc | ||
| 999 | |c 20653 |d 20653 | ||
